[Event "XXI Weekend A"]
[Site "Ceriano Laghetto ITA"]
[Date "2012.03.??"]
[Round "4"]
[White "Boschetti, Claudio"]
[Black "Lapiccirella, Daniele"]
[WhiteElo "2153"]
[BlackElo "2238"]
[Result "1/2-1/2"]
[PlyCount "61"]
[EventDate "2012.03.23"]

1. e4 c5 2. d4 cxd4 3. c3 d5 4. exd5 Qxd5 5. cxd4 Nc6 6. Nf3 e5 7. Nc3 Bb4 8.
Bd2 Bxc3 9. Bxc3 e4 10. Ne5 Nxe5 11. dxe5 Ne7 12. Qa4+ Bd7 13. Qa3 Qe6 14. Rd1
O-O 15. Rd6 Qf5 16. Be2 Be6 17. O-O Ng6 18. Bd4 Nxe5 19. Qg3 Ng6 20. f4 Rfd8
21. Rxd8+ Rxd8 22. Qe3 h5 23. Bxa7 Bxa2 24. b3 Qd5 25. Bc4 Qd2 26. Qxe4 b5 27.
f5 bxc4 28. fxg6 fxg6 29. bxc4 Kh7 30. Bf2 Rf8 31. Qe3 1/2-1/2

[Event "XXI Weekend A"]
[Site "Ceriano Laghetto ITA"]
[Date "2012.03.??"]
[Round "4"]
[White "Cirabisi, Federico"]
[Black "Cocconcelli, Lorenzo"]
[WhiteElo "2102"]
[BlackElo "1964"]
[Result "1-0"]
[PlyCount "75"]
[EventDate "2012.03.23"]

1. e4 e6 2. Nf3 d5 3. e5 c5 4. b4 d4 5. bxc5 Bxc5 6. Ba3 Qa5 7. Bxc5 Qxc5 8. c3
Nc6 9. cxd4 Nxd4 10. Nxd4 Qxd4 11. Bb5+ Bd7 12. Bxd7+ Kxd7 13. Qe2 Qxa1 14. Qc4
Kd8 15. Qd3+ Kc8 16. O-O Ne7 17. Qc2+ Nc6 18. Nc3 Qxf1+ 19. Kxf1 a6 20. Ne4 Kc7
21. f4 h6 22. a4 Rad8 23. Nd6 Rd7 24. a5 f6 25. d4 Rxd6 26. exd6+ Kxd6 27. Qc5+
Kc7 28. f5 Re8 29. fxe6 Rxe6 30. d5 Rd6 31. dxc6 Rxc6 32. Qe7+ Kb8 33. Qxg7
Rc1+ 34. Kf2 Ra1 35. Qxf6 Ra2+ 36. Kg3 Ka7 37. Qd4+ Ka8 38. h4 1-0

[Event "XXI Weekend A"]
[Site "Ceriano Laghetto ITA"]
[Date "2012.03.??"]
[Round "4"]
[White "Gagliardi, Christian"]
[Black "Faraoni, Enrico"]
[WhiteElo "2233"]
[BlackElo "2118"]
[Result "1/2-1/2"]
[PlyCount "90"]
[EventDate "2012.03.23"]

1. d4 Nf6 2. Nf3 g6 3. Bf4 Bg7 4. e3 d6 5. h3 O-O 6. Be2 Nbd7 7. O-O Qe8 8. c4
e5 9. Bh2 Ne4 10. Nbd2 Nxd2 11. Qxd2 Qe7 12. Qc2 Re8 13. Rfe1 a5 14. Rac1 b6
15. b3 Bb7 16. d5 f5 17. a3 Rf8 18. b4 g5 19. Nd2 axb4 20. axb4 e4 21. Nb3 Ra3
22. Nd4 Bxd4 23. exd4 Rfa8 24. Qd2 f4 25. Bg4 Nf6 26. Be6+ Kg7 27. g3 e3 28.
fxe3 Ra2 29. Rc2 Ne4 30. Qd3 Ra1 31. Rcc1 Rxc1 32. Rxc1 fxg3 33. Qxe4 gxh2+ 34.
Kxh2 Ra2+ 35. Rc2 Rxc2+ 36. Qxc2 c6 37. dxc6 Bxc6 38. Qf5 Be8 39. e4 Bg6 40.
Qd5 Qf6 41. Bf5 Bf7 42. Qb5 Qxd4 43. Qd7 Qf2+ 44. Kh1 Qf1+ 45. Kh2 Qf2+ 1/2-1/2

[Event "XXI Weekend A"]
[Site "Ceriano Laghetto ITA"]
[Date "2012.03.??"]
[Round "4"]
[White "Quaranta, Cristiano"]
[Black "Gonella, Daniele"]
[WhiteElo "2089"]
[BlackElo "2112"]
[Result "1/2-1/2"]
[PlyCount "50"]
[EventDate "2012.03.23"]

1. e4 c5 2. Nf3 Nc6 3. Bb5 g6 4. Bxc6 bxc6 5. e5 Bg7 6. O-O Qc7 7. Re1 Nh6 8.
d3 O-O 9. Bf4 Nf5 10. Nbd2 d5 11. c4 Rd8 12. Qc1 Be6 13. cxd5 cxd5 14. d4 Rdc8
15. dxc5 Qxc5 16. Qxc5 Rxc5 17. Nb3 Rc2 18. g4 Nh6 19. Nfd4 Rc4 20. h3 Kf8 21.
Be3 Bd7 22. Na5 Ra4 23. Nab3 Rc4 24. Na5 Ra4 25. Nab3 Rc4 1/2-1/2

[Event "XXI Weekend A"]
[Site "Ceriano Laghetto ITA"]
[Date "2012.03.??"]
[Round "4"]
[White "Radice, Luca"]
[Black "Stips, Felix"]
[WhiteElo "2042"]
[BlackElo "2212"]
[Result "0-1"]
[PlyCount "90"]
[EventDate "2012.03.23"]

1. d4 d5 2. c4 Nc6 3. cxd5 Qxd5 4. e3 e5 5. Nc3 Bb4 6. Bd2 Bxc3 7. bxc3 Nf6 8.
Qb3 Qd6 9. Bb5 O-O 10. Ne2 Be6 11. Qa4 Bd5 12. f3 a6 13. Bxc6 Bxc6 14. Qb4 e4
15. O-O Qxb4 16. cxb4 Bb5 17. Rfe1 Bxe2 18. Rxe2 Rfe8 19. Rb1 c6 20. a4 Rac8
21. Be1 Nd5 22. Kf2 f5 23. f4 Kf7 24. Rc2 Rc7 25. b5 cxb5 26. Rxc7+ Nxc7 27.
Ba5 Nd5 28. axb5 b6 29. bxa6 bxa5 30. Rb5 Ke6 31. Rxa5 Ra8 32. a7 g6 33. h3 Kd6
34. Ra6+ Kd7 35. Ra5 Ne7 36. g4 fxg4 37. hxg4 Nc6 38. Rd5+ Kc7 39. Rg5 Rxa7 40.
f5 Ne7 41. fxg6 Nxg6 42. Rc5+ Kd6 43. Rc3 Rf7+ 44. Kg2 Rf3 45. Ra3 Ne7 0-1

[Event "XXI Weekend A"]
[Site "Ceriano Laghetto ITA"]
[Date "2012.03.??"]
[Round "4"]
[White "Villa, Giorgio"]
[Black "Stefanetti, Marco"]
[WhiteElo "1954"]
[BlackElo "2097"]
[Result "1/2-1/2"]
[PlyCount "100"]
[EventDate "2012.03.23"]

1. d4 d5 2. Nf3 Nf6 3. c4 c6 4. e3 Bf5 5. Nc3 e6 6. Nh4 Bg6 7. Nxg6 hxg6 8. g3
Nbd7 9. Qe2 Ne4 10. Nxe4 dxe4 11. Bg2 f5 12. Bd2 Bd6 13. Bc3 Nf6 14. f3 Qc7 15.
fxe4 fxe4 16. O-O-O O-O-O 17. Qc2 Ng4 18. Qe2 Nxh2 19. Bxe4 Bxg3 20. Rdg1 Rh4
21. Bxg6 Rdh8 22. Qg2 Rh3 23. Qe4 Qe7 24. Bf5 Bf2 25. Qxe6+ Qxe6 26. Bxe6+ Kd8
27. Bxh3 Bxg1 28. Rxg1 Rxh3 29. Rxg7 Rxe3 30. Rxb7 Re7 31. Rxe7 Kxe7 32. Kd2
Ke6 33. Kd3 Ng4 34. a4 a6 35. b4 Nf2+ 36. Kc2 Ne4 37. Kb3 Nd6 38. Be1 Nf5 39.
Bf2 Nd6 40. Be1 Nf5 41. Kc3 Nd6 42. Kd3 Nc8 43. b5 axb5 44. axb5 cxb5 45. cxb5
Kd5 46. Bb4 Nb6 47. Bc5 Nd7 48. b6 Kc6 49. Kc4 Nf6 50. d5+ Nxd5 1/2-1/2

[Event "XXI Weekend A"]
[Site "Ceriano Laghetto ITA"]
[Date "2012.03.??"]
[Round "5"]
[White "Astengo, Marcello"]
[Black "Quaranta, Cristiano"]
[WhiteElo "2021"]
[BlackElo "2089"]
[Result "1-0"]
[PlyCount "57"]
[EventDate "2012.03.23"]

1. d4 e6 2. c4 f5 3. Nc3 Nf6 4. e3 Bb4 5. Qb3 a5 6. Bd3 b6 7. Nf3 Bb7 8. O-O
O-O 9. a3 Bxc3 10. Qxc3 Ne4 11. Qc2 Rf6 12. d5 exd5 13. cxd5 Bxd5 14. Nd4 Ng5
15. Bxf5 c5 16. e4 Rxf5 17. Nxf5 Nxe4 18. Re1 Nf6 19. Ne7+ Kh8 20. Nxd5 Nxd5
21. Qe4 Nc7 22. Bg5 Qc8 23. Re3 d5 24. Qh4 Nc6 25. Rae1 d4 26. Rh3 Qf5 27. Qe4
Qxe4 28. Rxe4 h6 29. Bxh6 1-0

[Event "XXI Weekend A"]
[Site "Ceriano Laghetto ITA"]
[Date "2012.03.??"]
[Round "5"]
[White "Bemporad, Filippo"]
[Black "Lapiccirella, Mattia"]
[WhiteElo "2075"]
[BlackElo "2208"]
[Result "0-1"]
[PlyCount "66"]
[EventDate "2012.03.23"]

1. d4 Nf6 2. Nf3 e6 3. c4 c5 4. Nc3 cxd4 5. Nxd4 a6 6. e4 Qc7 7. Bd3 Nc6 8.
Nxc6 dxc6 9. O-O e5 10. Be3 Be6 11. Rc1 Nd7 12. Qe2 Be7 13. Kh1 O-O 14. f3 Bc5
15. Rfd1 f6 16. Na4 Bxe3 17. Qxe3 Rad8 18. b3 Rfe8 19. b4 Nf8 20. a3 Rd4 21.
Be2 Red8 22. Rxd4 Rxd4 23. Nc3 Bxc4 24. Bxc4+ Rxc4 25. Rd1 Ne6 26. Ne2 b5 27.
h3 Kf8 28. Kh2 Nd4 29. Nc3 a5 30. Rb1 Qd6 31. Na2 Nc2 32. Qb3 a4 33. Qb2 Qd4
0-1

[Event "XXI Weekend A"]
[Site "Ceriano Laghetto ITA"]
[Date "2012.03.??"]
[Round "5"]
[White "Faraoni, Enrico"]
[Black "Lapiccirella, Daniele"]
[WhiteElo "2118"]
[BlackElo "2238"]
[Result "1/2-1/2"]
[PlyCount "31"]
[EventDate "2012.03.23"]

1. d4 d5 2. e4 dxe4 3. Nc3 e5 4. Qh5 Nf6 5. Qxe5+ Be7 6. Bf4 Nc6 7. Bb5 O-O 8.
Bxc6 Bd6 9. Qg5 h6 10. Qh4 bxc6 11. Bxd6 cxd6 12. Nge2 Re8 13. O-O Rb8 14. b3
Ba6 15. Rfe1 Qa5 16. Qf4 1/2-1/2

[Event "XXI Weekend A"]
[Site "Ceriano Laghetto ITA"]
[Date "2012.03.??"]
[Round "5"]
[White "Gagliardi, Christian"]
[Black "Boschetti, Claudio"]
[WhiteElo "2233"]
[BlackElo "2153"]
[Result "1-0"]
[PlyCount "139"]
[EventDate "2012.03.23"]

1. d4 Nf6 2. Nf3 g6 3. Bf4 d6 4. e3 Bg7 5. h3 c5 6. c3 Qb6 7. Qb3 O-O 8. Be2
Nbd7 9. O-O h6 10. Nbd2 Qc7 11. Bh2 b6 12. Rfe1 Bb7 13. a4 a6 14. Bf1 g5 15. e4
e5 16. dxe5 dxe5 17. Rad1 Rfe8 18. Qc2 Bc6 19. Qb3 Re6 20. Bc4 Re7 21. Bd5 b5
22. axb5 axb5 23. c4 b4 24. Ra1 Qb7 25. Rxa8+ Qxa8 26. Nf1 Bxd5 27. cxd5 Ne8
28. N3d2 Nb6 29. Rc1 Rc7 30. Ne3 Nd6 31. f3 f6 32. Bg3 Bf8 33. Ndc4 Nbxc4 34.
Nxc4 Kh7 35. Bf2 Qa6 36. Kh2 Nxc4 37. Qxc4 Qxc4 38. Rxc4 Kg6 39. Be3 Ra7 40.
Rxb4 Ra1 41. Rc4 Rb1 42. Bc1 Bd6 43. g4 h5 44. Kg2 hxg4 45. hxg4 Ra1 46. Be3
Ra2 47. Rc2 Ra5 48. Kf2 Rb5 49. Ke2 Rb3 50. Bc1 Kf7 51. Rc3 Rb8 52. Kd3 Ke7 53.
Kc2 Rb7 54. Be3 Rc7 55. Rc4 Kd7 56. b4 cxb4 57. Rxc7+ Kxc7 58. Kb3 Kd7 59. Bd2
Bc7 60. Bxb4 Bb6 61. Kc4 Bd8 62. Kb5 Bc7 63. Bf8 Bd8 64. d6 Ke8 65. Bh6 Kd7 66.
Kc5 Ke6 67. Kc6 Ba5 68. Bf8 Bd8 69. d7 Kf7 70. Bd6 1-0

[Event "XXI Weekend A"]
[Site "Ceriano Laghetto ITA"]
[Date "2012.03.??"]
[Round "5"]
[White "Gonella, Daniele"]
[Black "Villa, Giorgio"]
[WhiteElo "2112"]
[BlackElo "1954"]
[Result "1-0"]
[PlyCount "67"]
[EventDate "2012.03.23"]

1. Nf3 d5 2. g3 Nf6 3. d4 Bf5 4. c4 c6 5. Bg2 e6 6. O-O Nbd7 7. Nbd2 h6 8. Re1
Be7 9. b3 O-O 10. Bb2 Qb6 11. c5 Qc7 12. b4 a5 13. a3 axb4 14. axb4 b6 15. Nb3
bxc5 16. dxc5 Qb7 17. Nfd4 Bg6 18. Na5 Qxb4 19. Ndxc6 Qxb2 20. Nxe7+ Kh7 21. c6
Qb4 22. Nxg6 fxg6 23. Qb1 Qxb1 24. Rexb1 Nc5 25. Rb5 Nce4 26. f3 Nd6 27. Rbb1
Rfc8 28. Bh3 Nc4 29. Bxe6 Rc7 30. Rb5 Rxc6 31. Nxc6 Rxa1+ 32. Kf2 Rd1 33. Ne7
Nd6 34. Rb6 1-0

[Event "XXI Weekend A"]
[Site "Ceriano Laghetto ITA"]
[Date "2012.03.??"]
[Round "5"]
[White "Moroni, Luca jr"]
[Black "Radice, Luca"]
[WhiteElo "2064"]
[BlackElo "2042"]
[Result "1-0"]
[PlyCount "63"]
[EventDate "2012.03.23"]

1. e4 e6 2. d4 d5 3. e5 c5 4. c3 Nc6 5. Nf3 Bd7 6. a3 f6 7. Bd3 Qc7 8. Bf4
O-O-O 9. b4 c4 10. Bc2 Be7 11. exf6 Qxf4 12. fxg7 Nf6 13. gxh8=Q Rxh8 14. g3
Qh6 15. Ne5 Be8 16. Nxc6 Bxc6 17. Qe2 Bd7 18. Nd2 Kc7 19. O-O-O a5 20. Qe3 Qf8
21. f3 h5 22. h3 Bd6 23. f4 Qh6 24. Nf3 axb4 25. axb4 Rg8 26. Ng5 h4 27. Nf7
Qf8 28. Nxd6 Rxg3 29. Qe5 Qxd6 30. Qxf6 Kb6 31. Qd8+ Ka7 32. Kb2 1-0

[Event "XXI Weekend A"]
[Site "Ceriano Laghetto ITA"]
[Date "2012.03.??"]
[Round "5"]
[White "Mrdja, Milan"]
[Black "Collutiis, Duilio"]
[WhiteElo "2369"]
[BlackElo "2493"]
[Result "1/2-1/2"]
[PlyCount "20"]
[EventDate "2012.03.23"]

1. Nf3 d5 2. g3 g6 3. Bg2 Bg7 4. O-O Nf6 5. d3 O-O 6. Nbd2 c5 7. e4 Nc6 8. Re1
b6 9. exd5 Nxd5 10. Nc4 Bb7 1/2-1/2

[Event "XXI Weekend A"]
[Site "Ceriano Laghetto ITA"]
[Date "2012.03.??"]
[Round "5"]
[White "Stefanetti, Marco"]
[Black "Cirabisi, Federico"]
[WhiteElo "2097"]
[BlackElo "2102"]
[Result "1/2-1/2"]
[PlyCount "38"]
[EventDate "2012.03.23"]

1. e4 Nf6 2. e5 Nd5 3. d4 d6 4. c4 Nb6 5. exd6 cxd6 6. Nc3 g6 7. Be3 Bg7 8. Rc1
O-O 9. b3 Nc6 10. Be2 e5 11. d5 Ne7 12. f4 Nf5 13. Bd2 Re8 14. Kf2 e4 15. Kf1
Qh4 16. Nh3 Bd4 17. Nb5 Ne3+ 18. Bxe3 Bxe3 19. Qe1 Qe7 1/2-1/2

[Event "XXI Weekend A"]
[Site "Ceriano Laghetto ITA"]
[Date "2012.03.??"]
[Round "5"]
[White "Stips, Felix"]
[Black "Vuelban, Virgilio"]
[WhiteElo "2212"]
[BlackElo "2329"]
[Result "1-0"]
[PlyCount "66"]
[EventDate "2012.03.23"]

1. Nf3 Nf6 2. c4 c6 3. d4 d5 4. Nc3 e6 5. e3 Nbd7 6. Bd3 dxc4 7. Bxc4 b5 8. Bd3
a6 9. O-O Bb7 10. e4 c5 11. d5 c4 12. Bc2 Qc7 13. dxe6 fxe6 14. Ng5 Nc5 15. e5
Qxe5 16. Re1 Qd6 17. Qxd6 Bxd6 18. Be3 O-O 19. Bxc5 Bxc5 20. Nxe6 Rfc8 21. Nxc5
Rxc5 22. Re7 Rb8 23. Rae1 Kf8 24. a3 Rcc8 25. g4 Nxg4 26. Bf5 Rc5 27. Bxg4 Rg5
28. h3 h5 29. f4 Rc5 30. Bd1 Rf5 31. R7e5 Rxf4 32. Bxh5 Bc6 33. Nd5 Bxd5 1-0